| 000 | 00643cam a2200193 a 4500 | ||
|---|---|---|---|
| 020 | _a0309066816 | ||
| 082 | 0 | 0 |
_a388.314 _bTRA _cN-01, P-111 |
| 245 | 0 | 0 | _aHighway capacity manual. |
| 260 |
_aWashington, D.C. : _bTransportation Research Board, National Research Council, _c2000- |
||
| 300 |
_a1 v. (loose-leaf) : _bill. ; _c30 cm. |
||
| 500 | _a"Fourth edition"--Pref. | ||
| 500 | _a"Metric units"--Sticker on binder. | ||
| 500 | _aLC copy not updated. | ||
| 526 |
_a0 _b0 _c0 _d388_314000000000000_TRA |
||
| 650 | 0 |
_aHighway capacity _943606 |
|
| 650 | 0 |
_aMCE _9379 |
|
| 710 | 2 |
_aNational Research Council (U.S.). _920017 |
|
| 942 |
_2ddc _cBK |
||
| 999 |
_c550264 _d550264 |
||